• 首页
  • 本馆介绍
  • 公告通知
  • 最新文献
  • 馆藏检索
  • 电子资源
  • 读者导购
  • 参考咨询
  • 我的图书馆
  • 登录
  • 详细信息显示
  • 放入我的书架
  • 预约/预借图书
  • 作者相关作品
  • 分类相关作品
  • 丛书相关作品
  • 出版社相关作品

书目信息

  • 表格格式
  • 工作单格式
  • 卡片格式
题名:
复变函数与积分变换
    
 
作者: 《复变函数与积分变换》编写组编
分册:  
出版信息: 北京   北京邮电大学出版社  2021.1
页数: 201页
开本: 23cm
丛书名:
单 册:
中图分类: O174.5 , O177.6
科图分类:
主题词: 复变函数--fu bian han shu--高等学校--教材 , 积分变换--ji fen bian huan--高等学校--教材
电子资源:
ISBN: 978-7-5635-4551-3
000 01067nam0 2200289 45
001 012001001144
005 20211012151654.13
010    @a978-7-5635-4551-3@dCNY29.00
099    @aCAL 012016143345
100    @a20161102d2016 em y0chiy50 ea
101 0  @achi
102    @aCN@b110000
105    @aa a 000yy
106    @ar
200 1  @a复变函数与积分变换@Afu bian han shu yu ji fen bian huan@f《复变函数与积分变换》编写组编
205    @a第2版
210    @a北京@c北京邮电大学出版社@d2021.1
215    @a201页@c图@d23cm
300    @a21世纪高等学校规划教材
320    @a有书目
330    @a本书主要介绍复变函数与积分变换的基本概念、理论和方法。内容包括: 复数及复平面、解析函数、复积分、解析函数的级数理论、留数理论、共形映射理论、傅里叶变换、拉普拉斯变换和快速傅里叶变换。每一章给出本章的小结, 并配有一定数量的习题。
606 0  @a复变函数@Afu bian han shu@x高等学校@j教材
606 0  @a积分变换@Aji fen bian huan@x高等学校@j教材
690    @aO174.5@v5
690    @aO177.6@v5
801  0 @aCN@bBJSDL@c20211011
905    @b1333220-3@dO174.5@e252=2@f4
    
    复变函数与积分变换/《复变函数与积分变换》编写组编.-第2版.-北京:北京邮电大学出版社,2021.1
    201页:图;23cm
    21世纪高等学校规划教材
    
    ISBN 978-7-5635-4551-3:CNY29.00
    本书主要介绍复变函数与积分变换的基本概念、理论和方法。内容包括: 复数及复平面、解析函数、复积分、解析函数的级数理论、留数理论、共形映射理论、傅里叶变换、拉普拉斯变换和快速傅里叶变换。每一章给出本章的小结, 并配有一定数量的习题。
●
相关链接 在E读中查询图书 在五车中查询图书 在当当中查询图书 在豆瓣中查询图书


正题名:复变函数与积分变换     索取号:O174.5/252=2         预约/预借

序号 登录号 条形码 馆藏地/架位号 状态 备注
1 1333220   213332204   第二样本阅览室/ [索取号:O174.5/252=2] 在馆    
2 1333221   213332213   第三借阅区/ [索取号:O174.5/252=2] 在馆    
3 1333222   213332222   第三借阅区/ [索取号:O174.5/252=2] 在馆    
4 1333223   213332231   第三借阅区/ [索取号:O174.5/252=2] 在馆    
唐山师范学院图书馆 欢迎您!
大连网信软件有限公司© 版权所有